THE ENCYCLOPEDIA OF GOLF TECHNIQUES (Record no. 3765)

000 -LEADER
fixed length control field nam a22 a 4500
005 - DATE AND TIME OF LATEST TRANSACTION
control field 20170524083033.0
008 - FIXED-LENGTH DATA ELEMENTS--GENERAL INFORMATION
fixed length control field 170524b1996 -hk||||| |||| 00| 0 eng d
020 ## - INTERNATIONAL STANDARD BOOK NUMBER
International Standard Book Number 1858331609
040 ## - CATALOGING SOURCE
Original cataloging agency AKMAL
082 ## - DEWEY DECIMAL CLASSIFICATION NUMBER
Classification number 796.352 ENC
090 ## - LOCALLY ASSIGNED LC-TYPE CALL NUMBER (OCLC); LOCAL CALL NUMBER (RLIN)
Classification number (OCLC) (R) ; Classification number, CALL (RLIN) (NR) 796.352
Local cutter number (OCLC) ; Book number/undivided call number, CALL (RLIN) ENC
245 ## - TITLE STATEMENT
Title THE ENCYCLOPEDIA OF GOLF TECHNIQUES
Statement of responsibility, etc. EDITED BY PAUL FOSTON
260 ## - PUBLICATION, DISTRIBUTION, ETC.
Place of publication, distribution, etc. HONG KONG
Name of publisher, distributor, etc. BRAMLEY BOOKS
Date of publication, distribution, etc. 1996
300 ## - PHYSICAL DESCRIPTION
Extent 431pg,;
Dimensions 30 cm
650 ## - SUBJECT ADDED ENTRY--TOPICAL TERM
Topical term or geographic name entry element GOLF
9 (RLIN) 7448
942 ## - ADDED ENTRY ELEMENTS (KOHA)
Source of classification or shelving scheme
Koha item type Book
Holdings
Withdrawn status Lost status Source of classification or shelving scheme Damaged status Not for loan Collection code Home library Current library Shelving location Date acquired Inventory number Total Checkouts Full call number Barcode Date last seen Price effective from Koha item type
          NON-FICTION AKMAL Melaka AKMAL Melaka PINJAMAN 24.05.2017 00128   796.352 ENC 201704908 24.05.2017 24.05.2017 Book
Pusat Sumber Maklumat Dato' Haji Sarmin Md Hussin, Akademi Kastam Diraja Malaysia, Melaka
Tel: 06-2331106 | Faks: 06-2313787